| 000 | 00657nam a2200217 a 4500 | ||
|---|---|---|---|
| 001 | 56280 | ||
| 003 | BD-RjUL | ||
| 005 | 20211209080357.0 | ||
| 008 | 161128s1965 enk||||| |||| 00| 0 eng d | ||
| 035 | _a(BD-RjUL)56404 | ||
| 040 |
_aBD-RjUL _beng _cBD-RjUL |
||
| 041 | _aeng | ||
| 082 |
_223 _a615.13 _bAMN 1965 |
||
| 110 |
_aAmerican Pharmaceutical Association. _9167466 |
||
| 245 | 1 | 0 |
_aNational formulary, XII / _cAmerican Pharmaceutical Association |
| 250 | _a12th ed. | ||
| 260 |
_aWashington, D.C. : _bAmerican Pharmaceutical Association, _c 1965. |
||
| 300 |
_a618 p. ; _c23 cm. |
||
| 650 |
_aMedicine _xFormulae _9167467 |
||
| 942 |
_2ddc _cBK |
||
| 999 |
_c56280 _d56280 |
||